zpět

Detail výsledku týmu

The Pub Praha 2 PO, Praha

Datum a čas kvízu

28.5 Celkem bodů Celkový počet nahraných bodů na tomto kvízu bez doplňovacích otázek.
7. Pořadí na kvízu Konečné umístění týmu na tomto kvízu.

Zaznamenané odpovědi

# Otázka Odpověď Body Výsledky
1. Od minulého čtvrtka až do 23.... Kosmova kronika 0
2. Který bývalý evropský preziden... Nicolas Sarkozy 1
3. Do televizní reality show Love... o Daru Rolins 1
4. Na jedné technické univerzitě... Ostrava 0
5. Jak se jmenuje nový držitel pr... Ousmane Dembélé 0
6. Gesto, které vidíme na obrázku... 1B 2C 3A 4D 1
7. Které z uvedených gest má na B... B 1
8. Sheldon Cooper v Teorii velkéh... Spocka a tapíra (ještěra) 0
9. Která dvě písmena české dvouru... CH, R 0
10. Na výřezu z obrazu francouzské... paroháč (že je mu žena nevěrná) 0